02398cam0a2200517 450000100060000000300300000600500170003601000260005303500210007903500110010007300180011109000100012909900060013910000410014510100080018610200070019410500180020118100250021918100200024418200210026418200110028518300270029620000930032321400400041621400100045621500200046621500220048622500300050832300150053833008680055341000140142141000520143546400210148746400310150846400060153951700090154560800920155467600120164670000330165870000310169180100300172280100280175280100200178080100140180099500660181414013http://www.sudoc.fr/07408174820260129114617.0 a2842601319d13,80 EUR a(OCoLC)402410474 a651458 1a9782842601317 a14013 o0 a20030916d2003 m y0frey50 ba0 afre aFR ay ||||000by 6z01ctxt2rdacontent 16z01ai#bxxxe## 6z01cn2rdamedia 16z01an 16z01anga2RDAfrCarrier1 aDivertissements touristiquesaL'entre-deuxaRose, la nuit australienneasuivi de 8bLIVR 0cÉditions théâtralesdDL. 2003 0aParis a1 vol. (103 p.) ccouv. ill.d21 cm0 aRépertoire contemporain aindéfini a Tout est prétexte au jeu dans l'écriture de Noëlle Renaude. De ses premiers textes, Divertissements touristiques, L'Entre-deux et Rose, la nuit australienne, jusqu'à 8, son dernier, les mots et les formes s'enchaînent dans une horreur joyeuse. Une écriture des contrastes entre gaieté apparente et gravité certaine. Puis, au détour d'une phrase, anodine, discrète, l'auteur nous cueille, nous saisit, nous embarque dans une course folle. On saute du salon à la courette, de la banquette arrière sordide à la grange du pendu, du monologue fluide au dialogue éclaté. La vie est là : médiocre et sublime, mais toujours exposée, sans fard ni retenue. On ose, chez elle, tout haut ce que le lecteur pense tout bas. Peu à peu, sans avoir l'air d'y toucher, chacun invente, avec Renaude, un théâtre du mouvement perpétuel. 007625495X tCollection Répertoire contemporainx1760-2947 t˜L'œentre-deux tRose, la nuit australienne t8 aHuit 3027814157aThéâtre (genre littéraire) français3086305646z20e siècle2rameau a842v21 1aRenaudebNoëllef1949-.... 13029129109cdramaturge4070 3aFRbAbesc20250408gAFNOR 3aFRbBNc19990129gAFNOR 1aUSbOCLCgAACR2 2aFRbAUROC 2052026-01-29913906cJOLfJOL-007714kTH REN Xo0bJOLrLIVR